Media ethics / (Record no. 117491)
[ view plain ]
| 000 -LEADER | |
|---|---|
| fixed length control field | 00509nam a2200169Ia 4500 |
| 008 - FIXED-LENGTH DATA ELEMENTS--GENERAL INFORMATION | |
| fixed length control field | 140527s9999 xx 000 0 und d |
| 020 ## - INTERNATIONAL STANDARD BOOK NUMBER | |
| International Standard Book Number | 9780737762389 |
| 050 ## - LIBRARY OF CONGRESS CALL NUMBER | |
| Classification number | PN 4756 |
| Item number | .M353 2013 |
| 245 ## - TITLE STATEMENT | |
| Title | Media ethics / |
| Statement of responsibility, etc | Noel Merino, book editor |
| 260 ## - PUBLICATION, DISTRIBUTION, ETC. (IMPRINT) | |
| Place of publication, distribution, etc | Farmington Hills, MI : |
| Name of publisher, distributor, etc | Greenhaven Press, |
| Date of publication, distribution, etc | c2013. |
| 300 ## - PHYSICAL DESCRIPTION | |
| Extent | 199 p. ; |
| Dimensions | 23 cm. |
| 440 ## - SERIES STATEMENT/ADDED ENTRY--TITLE | |
| Title | (Current controversies series). |
| 500 ## - GENERAL NOTE | |
| General note | Includes bibliographical references and index. |
| 521 ## - TARGET AUDIENCE NOTE | |
| Target audience note | |
| 942 ## - ADDED ENTRY ELEMENTS (KOHA) | |
| Call number prefix | Foreign |
| Koha item type | Books |
| Withdrawn status | Lost status | Damaged status | Home library | Current library | Shelving location | Date acquired | Cost, normal purchase price | Total Checkouts | Full call number | Barcode | Date last seen | Price effective from | Koha item type |
|---|---|---|---|---|---|---|---|---|---|---|---|---|---|
| College Library | College Library | Reserve Section | 05/28/2014 | 1498.00 | PN 4756 .M353 2013 | C18099 | 10/30/2014 | 05/28/2014 | Books |